000 00384nam a2200169Ia 4500
100 _aDukkipati/Rao V
650 _aControl Systems
250 _a2
942 _cBK
366 _f20
654 _acontrol systems
245 _aAnalysis and design of control system using Matlab
260 _bNew Age Int (P) Ltd
_c2010
082 _bDUK
300 _a449
546 _aENGLISH
999 _c28237
_d28237